000 00371nam a2200157Ia 4500
003 0STCL
008 150530s9999 xx 000 0 und d
040 _aSTCL
_cSTCL
100 _aStone: Editor
245 _aTwentieth century interpretations of the ambassadors
260 _c1969
546 _aEnglish
942 _2ddc
_cBK
999 _c68114
_d68114
005 20220125171355.0